| 000 | 00801nam a22002297a 4500 | ||
|---|---|---|---|
| 999 |
_c6707 _d6707 |
||
| 003 | AR-CdUCM | ||
| 008 | 190319b ||||| |||| 00| 0 spa d | ||
| 040 |
_aMUNICIPALIDAD PROVINCIAL DEL CUSCO _cBIBLIOTECA MUNICIPAL DEL CUSCO |
||
| 041 | _heng | ||
| 082 |
_a595.2 / _bC26 |
||
| 100 |
_aCarthy, J. D. _918874 |
||
| 245 | _aEl comportamiento de los artrópodos / | ||
| 260 |
_aMadrid : _bAlhambra, _c1986. |
||
| 300 |
_a164 páginas ; _bIlustraciones, _c20 cm. |
||
| 440 |
_aExedra - Ciencia técnica ingeniería _n39 _918875 |
||
| 505 | _aEl sistema nervioso de los artrópodos -- Posición y maneras -- Comportamiento alimentario -- Búsqueda del patrón ... | ||
| 650 |
_aBiología _9881 |
||
| 650 |
_aArtrópodos _918876 |
||
| 650 |
_aEntomología _918877 |
||
| 942 |
_2ddc _cLIBROS |
||
| 945 | _aacv | ||